Cantares de Boyaga

Zapisane w:
Opis bibliograficzny
1. autor: Quiñones Pardo, Octavio
Format: Książka
Język:Undetermined
Wydane: Bogotá, Colombia Ediciones Antena [s.f.]
Hasła przedmiotowe:
Etykiety: Dodaj etykietę
Nie ma etykietki, Dołącz pierwszą etykiete!

MARC

LEADER 00000nam a2200000Ia 4500
008 170316s9999 xx 000 0 und d
040 |a cru BVZT 
090 |a 860 Q-3c 
100 |a Quiñones Pardo, Octavio 
245 |a Cantares de Boyaga 
260 |a Bogotá, Colombia 
260 |b Ediciones Antena 
260 |c [s.f.] 
300 |a 222 páginas 
650 |a LITERATURA LATINOAMERICANA 
999 |c 9120  |d 9120 
942 |c 15 D  |h 860 Q-3c  |2 z